00961nam a2200217 a 450000100100000000500170001000800410002702000180006804000250008608200160011110000350012724500560016226000390021830000230025750000570028059000260033795201290036395201140049295201200060699900170072600004825920201002061027.0181210s2015 dr r 000 0 spa d a9789945589665 aDO-SdBNPbspacBNPHU axxxxbM386m1 aMartínez, José Lino97569410aMáximas y pensamientos /cJosé Lino Martínez. aSanto Domingo :bSantuario,c2015. a129 p. ; :b23 cm. aIncluye datos biográficos del autor en las solapas aInventariado, 2019/BT 001054708DSaGRbGRcHDd2018-12-10iLF1l0oxxxx M386mp48259-30r2020-06-25te. 3w2020-06-25yLFDSZPréstamo en sala 0010718PDaPDbPDcHDd2018-12-10iLF1l0oxxxx M386mp48259-10r2020-06-25w2020-06-25yLFPDZNo se presta 0010718PDaPDbPDcHDd2018-12-10iLF1l0oxxxx M386mp48259-20r2020-06-25te. 2w2020-06-25yLFPDZNo se presta c47747d47747